Analýza efektívnych portfólií diplomová práca

Guardado en:
Detalles Bibliográficos
Autor principal: Karabová, Marianna
Autor Corporativo: Fakulta hospodárskej informatiky EU. Katedra operačného výskumu a ekonometrie
Otros Autores: Pekár, Juraj, 1972-
Formato: Libro
Lenguaje:eslovaco
Publicado: Bratislava 2022
Etiquetas: Agregar Etiqueta
Sin Etiquetas, Sea el primero en etiquetar este registro!

MARC

LEADER 00000nbm a2200000 4500
001 0284379
005 20230123092909.6
041 0 |a slo 
044 |a SK 
245 1 0 |a Analýza efektívnych portfólií  |b diplomová práca  |c Marianna Karabová ; školiteľ: Juraj Pekár 
264 1 |a Bratislava  |c 2022 
300 |a 55 s. 
100 1 |a Karabová, Marianna 
700 1 |a Pekár, Juraj, 1972- 
710 2 |a Fakulta hospodárskej informatiky EU. Katedra operačného výskumu a ekonometrie